Statistics for Name The Brand #3

Click here to take the quiz!

General Stats

  • This quiz has been taken 39 times
  • The average score is 10 of 15

Answer Stats

Answer % Correct
Pepsi
97%
Mozilla Firefox
93%
Olympic Games
93%
Mitsubishi Motors
90%
Hyundai
86%
Instagram
86%
Google Chrome
83%
Lexus
83%
Dairy Queen
62%
Adobe Systems Inc.
45%
Infiniti
45%
Baskin-Robbins
45%
Reebok
31%
Macy's
28%
Volcom
24%

Score Distribution

Percentile by Number Answered

Percent of People with Each Score

Your Score History

You have not taken this quiz